|
|
|
|
| LEADER |
00927ncm a22002532a 4500 |
| 001 |
001353988 |
| 003 |
CZ BrMZK |
| 005 |
20150303122442.0 |
| 007 |
qu |
| 008 |
131213s1939 xr |||||||||||||||||cze d |
| 015 |
|
|
|a cnb001922322
|
| 040 |
|
|
|a BOA001
|b cze
|
| 072 |
|
7 |
|a 785
|x Instrumentální hudba. Symfonická hudba. Hudba pro více nástrojů
|2 Konspekt
|9 9
|
| 100 |
1 |
|
|a Vejvoda, Jaromír,
|d 1902-1988
|7 jn19990209983
|4 cmp
|
| 245 |
1 |
0 |
|a Meine Marie
|h [hudebnina] =
|b Máničko má : polka /
|c komp.: Jaromír Vejvoda ; text: Vašek Zeman
|
| 246 |
3 |
1 |
|a Máničko má
|
| 260 |
|
|
|a Praha :
|b Jana Hoffmanna vva,
|c c1939
|
| 300 |
|
|
|a 15 hlasů
|
| 500 |
|
|
|a Party klavíru a houslí podloženy textem
|
| 700 |
1 |
|
|a Zeman, Vašek,
|d 1909-1987
|7 jx20040920001
|4 lyr
|
| 910 |
|
|
|a BOA001
|b Mus4-0166.328
|
| 990 |
|
|
|a MU
|
| 991 |
|
|
|b 201312
|
| 996 |
6 |
|
|b 2619600588
|c Mus4-0166.328
|l MZK
|r Sklad / do 1 hodiny
|n 0
|w 001388839
|u 000010
|a 1
|e BOA001
|j MZK50
|s P
|